Catálogo

VIDA RELIGIOSA : (Registro nro. 18048)

Detalles MARC
000 -LEADER
fixed length control field 00536nam a2200205 a 4500
001 - CONTROL NUMBER
control field 18048
005 - DATE AND TIME OF LATEST TRANSACTION
control field 20180713211255.0
008 - FIXED-LENGTH DATA ELEMENTS--GENERAL INFORMATION
fixed length control field 140415s1987 sp 000 0 spa d
020 ## - INTERNATIONAL STANDARD BOOK NUMBER
International Standard Book Number 8428512086
041 ## - LANGUAGE CODE
Language code of text/sound track or separate title spa
082 ## - DEWEY DECIMAL CLASSIFICATION NUMBER
Classification number 291.5691
Item number COD
100 1# - MAIN ENTRY--PERSONAL NAME
Personal name CODINA, VICTOR
245 10 - TITLE STATEMENT
Title VIDA RELIGIOSA :
Remainder of title HISTORIA Y TEOLOGIA
250 ## - EDITION STATEMENT
Edition statement 1a ed.
260 ## - PUBLICATION, DISTRIBUTION, ETC.
Place of publication, distribution, etc. ESPAÑA :
Name of publisher, distributor, etc. PAULINAS,
Date of publication, distribution, etc. 1987
300 ## - PHYSICAL DESCRIPTION
Extent 204
490 ## - SERIES STATEMENT
Series statement CRISTIANOSMO Y SOCIEDAD: 9
650 14 - SUBJECT ADDED ENTRY--TOPICAL TERM
Topical term or geographic name entry element VIDA RELIGIOSA
700 1# - ADDED ENTRY--PERSONAL NAME
Personal name ZEVALLOS, NOE
Relator term coaut.
Existencias
Withdrawn status Lost status Source of classification or shelving scheme Damaged status Not for loan Collection code Home library Current library Shelving location Date acquired Source of acquisition Inventory number Total Checkouts Total Renewals Full call number Barcode Date last seen Date last checked out Price effective from Koha item type
    Dewey Decimal Classification     General Biblioteca Karol Wojtyla Biblioteca Karol Wojtyla Sala general 03/12/2013 Compra 151000000000000000058567 1 1 291.5691 COD 36407 05/01/2026 23/01/2020 03/12/2013 Libro